[Event "WC-2022-S-00003"]
[Site "LSS email"]
[Date "2022.06.21"]
[Round "?"]
[White "Pocivavsek, Darko"]
[Black "Stolz, Stephan"]
[Result "1/2-1/2"]
[WhiteElo "2327"]
[BlackElo "2301"]
[PlyCount "173"]
[EventDate "2022.06.21"]
[EventType "tourn (corr)"]
[EventRounds "12"]
[EventCountry "GER"]
[SourceTitle "Corr 2024"]
[Source "ChessBase"]
[SourceDate "2023.10.19"]
[SourceVersion "1"]
[SourceVersionDate "2023.10.19"]
[SourceQuality "1"]

1. e4 e5 2. Nf3 Nc6 3. Bb5 a6 4. Ba4 Nf6 5. 0-0 Be7 6. Re1 b5 7. Bb3 d6 8. c3 0-0 9. h3 Na5 10. Bc2 c5 11. d4 Qc7 12. d5 Nc4 13. b3 Nb6 14. Be3 c4 15. Nfd2 Bd7 16. Na3 cxb3 17. axb3 Rfb8 18. Nab1 a5 19. Bd3 a4 20. b4 Ne8 21. Qe2 f5 22. f3 Bh4 23. Rc1 f4 24. Bf2 Bxf2+ 25. Qxf2 Nc8 26. Na3 Qa7 27. Rab1 Qxf2+ 28. Kxf2 Na7 29. Be2 Rb7 30. Rb2 Rab8 31. Rcb1 Nc7 32. h4 Kf7 33. g3 fxg3+ 34. Kxg3 Rc8 35. Ra1 Ke7 36. Kf2 Rcb8 37. Ke3 Ne8 38. Rg1 Rc8 39. Nab1 g6 40. f4 exf4+ 41. Kxf4 Nf6 42. Ke3 Rg8 43. Kd4 Rbb8 44. Nf1 Rgf8 45. Ne3 Rbe8 46. Nd2 Rf7 47. Rbb1 Kd8 48. Rbf1 Ref8 49. Nc2 Ne8 50. Rxf7 Rxf7 51. Na3 Rf4 52. Rh1 Rf7 53. Ke3 Nf6 54. Rg1 Rf8 55. Kd3 Re8 56. Kd4 Ke7 57. c4 bxc4 58. Bxc4 Rb8 59. b5 Nc8 60. Be2 Nb6 61. Nf1 Rg8 62. Ne3 h6 63. Nec4 Nxc4 64. Bxc4 Ng4 65. Rb1 Ne5 66. b6 Rb8 67. Ba6 Kd8 68. Nc4 Nxc4 69. Bxc4 a3 70. e5 Bf5 71. Rb4 g5 72. hxg5 hxg5 73. e6 Ke7 74. b7 Bg6 75. Rb6 Bh5 76. Ke4 Bg6+ 77. Ke3 Bf5 78. Rb4 Bg6 79. Kf3 Bf5 80. Rb6 Bg6 81. Ke3 Bf5 82. Kd4 Bg6 83. Ba2 Bf5 84. Rb4 Kf6 85. Ke3 Bg6 86. Rb3 Ke7 87. Rb6 1/2-1/2

[Event "SM-2020-0-00433"]
[Site "LSS email"]
[Date "2020.09.10"]
[Round "?"]
[White "Cardoso, Sergio"]
[Black "Stolz, Stephan"]
[Result "1/2-1/2"]
[WhiteElo "2254"]
[BlackElo "2323"]
[PlyCount "74"]
[EventDate "2020.06.26"]
[EventType "tourn (corr)"]
[EventRounds "6"]
[EventCountry "GER"]
[SourceTitle "Corr 2022"]
[Source "ChessBase"]
[SourceDate "2021.10.24"]
[SourceVersion "1"]
[SourceVersionDate "2021.10.24"]
[SourceQuality "1"]

1. c4 e5 2. Nf3 Nc6 3. d4 e4 4. d5 exf3 5. dxc6 fxg2 6. cxd7+ Qxd7 7. Qxd7+ Bxd7 8. Bxg2 c6 9. Nc3 Nf6 10. h4 Be6 11. b3 Bb4 12. Bb2 0-0-0 13. a3 Ba5 14. Bh3 Bg4 15. Rd1 h5 16. f3 Bxh3 17. Rxh3 Rhe8 18. Rxd8+ Bxd8 19. Kd2 g6 20. e4 Nd7 21. Ne2 Be7 22. Kc2 a5 23. Nf4 Bd6 24. Bc1 Nc5 25. Be3 Na6 26. Bc1 Nc5 27. Be3 Na6 28. Bc1 b5 29. Nd3 bxc4 30. bxc4 a4 31. Rh1 Nc5 32. Bf4 Bxf4 33. Nxc5 Kc7 34. Nxa4 Ra8 35. Kb3 Rb8+ 36. Kc2 Ra8 37. Kb3 Rb8+ 1/2-1/2

[Event "SM-2020-0-00425"]
[Site "LSS email"]
[Date "2020.04.12"]
[Round "?"]
[White "Kudr, Roman"]
[Black "Stolz, Stephan"]
[Result "1/2-1/2"]
[WhiteElo "2307"]
[BlackElo "2325"]
[PlyCount "73"]
[EventDate "2020.03.06"]
[EventType "tourn (corr)"]
[EventRounds "6"]
[EventCountry "GER"]
[SourceTitle "Corr 2022"]
[Source "ChessBase"]
[SourceDate "2021.10.24"]
[SourceVersion "1"]
[SourceVersionDate "2021.10.24"]
[SourceQuality "1"]

1. Nf3 d5 2. g3 Nf6 3. Bg2 c6 4. 0-0 Bg4 5. d3 Nbd7 6. h3 Bh5 7. Qe1 e5 8. e4 dxe4 9. dxe4 Bc5 10. Nbd2 0-0 11. a4 Re8 12. Nc4 b5 13. Na5 Qc7 14. Nh4 Bb6 15. Nb3 a5 16. Be3 h6 17. g4 Bg6 18. Nxg6 fxg6 19. Qe2 Kh7 20. Rfc1 Nf8 21. axb5 cxb5 22. Qxb5 Bxe3 23. fxe3 Rec8 24. Ra4 Rab8 25. Qd3 N8d7 26. Rb1 Rb6 27. Qe2 Rc6 28. c3 Qb6 29. Nd2 Nc5 30. Rc4 Ne6 31. Rxc6 Rxc6 32. Nc4 Qc7 33. Na3 a4 34. Kh1 Nc5 35. Qc2 Rb6 36. Kg1 Qf7 37. Rd1 1/2-1/2

[Event "SM-2020-0-00425"]
[Site "LSS email"]
[Date "2020.04.11"]
[Round "?"]
[White "Stolz, Stephan"]
[Black "Koch, Christian"]
[Result "1/2-1/2"]
[WhiteElo "2325"]
[BlackElo "2315"]
[PlyCount "38"]
[EventDate "2020.03.06"]
[EventType "tourn (corr)"]
[EventRounds "6"]
[EventCountry "GER"]
[SourceTitle "Corr 2022"]
[Source "ChessBase"]
[SourceDate "2021.10.24"]
[SourceVersion "1"]
[SourceVersionDate "2021.10.24"]
[SourceQuality "1"]

1. c4 e5 2. g3 Nf6 3. Bg2 d5 4. cxd5 Nxd5 5. Nc3 Nb6 6. Nf3 Nc6 7. 0-0 Be7 8. a3 0-0 9. b4 Be6 10. Rb1 f6 11. d3 a5 12. b5 Nd4 13. Nd2 Qc8 14. e3 Nf5 15. Qc2 a4 16. Nce4 Rd8 17. Bb2 Qd7 18. Rfc1 Ba2 19. Ra1 Bf7 1/2-1/2

[Event "ST-2020-0-00135"]
[Site "LSS email"]
[Date "2020.01.27"]
[Round "?"]
[White "Stolz, Stephan"]
[Black "Bernal Varela, Nelson"]
[Result "1/2-1/2"]
[WhiteElo "2365"]
[BlackElo "2447"]
[PlyCount "61"]
[EventDate "2020.01.19"]
[EventType "tourn (corr)"]
[EventRounds "6"]
[EventCountry "GER"]
[SourceTitle "Corr 2022"]
[Source "ChessBase"]
[SourceDate "2021.10.24"]
[SourceVersion "1"]
[SourceVersionDate "2021.10.24"]
[SourceQuality "1"]

1. e4 e6 2. d4 d5 3. Nd2 c5 4. exd5 Qxd5 5. Ngf3 cxd4 6. Bc4 Qd7 7. 0-0 Nc6 8. Nb3 Nf6 9. Nbxd4 Nxd4 10. Nxd4 a6 11. Re1 Bc5 12. Be3 0-0 13. c3 Qc7 14. Bb3 Bd6 15. h3 b5 16. Bg5 Bb7 17. Bxf6 gxf6 18. Bxe6 fxe6 19. Nxe6 Qe7 20. Qg4+ Kh8 21. Nxf8 Qxf8 22. Rad1 Be5 23. Qd7 Rb8 24. Rxe5 fxe5 25. Qc7 Kg8 26. Rd7 Be4 27. Qxe5 Bg6 28. Qe6+ Kh8 29. Qe5+ Kg8 30. Qe6+ Kh8 31. Qe5+ 1/2-1/2

[Event "WC-2019-S-00003"]
[Site "LSS email"]
[Date "2019.08.28"]
[Round "?"]
[White "Cvak, Rudolf"]
[Black "Stolz, Stephan"]
[Result "1/2-1/2"]
[WhiteElo "2372"]
[BlackElo "2324"]
[PlyCount "58"]
[EventDate "2019.09.01"]
[EventType "tourn (corr)"]
[EventRounds "12"]
[EventCountry "GER"]
[SourceTitle "Corr 2024"]
[Source "ChessBase"]
[SourceDate "2023.10.19"]
[SourceVersion "1"]
[SourceVersionDate "2023.10.19"]
[SourceQuality "1"]

1. e4 c5 2. Nf3 Nc6 3. d4 cxd4 4. Nxd4 e5 5. Nb5 d6 6. c4 Be7 7. N1c3 a6 8. Na3 Be6 9. Nc2 Rc8 10. Be2 Bg5 11. 0-0 Bxc1 12. Rxc1 Nf6 13. b3 Qa5 14. Qd2 0-0 15. Rfd1 Rfd8 16. b4 Qc7 17. a4 a5 18. b5 Nb8 19. g4 h6 20. Ne3 Nbd7 21. Qxd6 Qxd6 22. Rxd6 Nc5 23. Rxd8+ Rxd8 24. Rc2 Rd4 25. f3 Nfd7 26. h4 Kf8 27. Kf2 Ke8 28. Ned5 b6 29. Ne3 g6 1/2-1/2

[Event "WC-2019-S-00003"]
[Site "LSS email"]
[Date "2019.08.28"]
[Round "?"]
[White "Stolz, Stephan"]
[Black "Dard, Michel"]
[Result "1/2-1/2"]
[WhiteElo "2324"]
[BlackElo "2289"]
[PlyCount "130"]
[EventDate "2019.09.01"]
[EventType "tourn (corr)"]
[EventRounds "12"]
[EventCountry "GER"]
[SourceTitle "Corr 2024"]
[Source "ChessBase"]
[SourceDate "2023.10.19"]
[SourceVersion "1"]
[SourceVersionDate "2023.10.19"]
[SourceQuality "1"]

1. c4 c6 2. d4 d5 3. Nf3 Nf6 4. Nc3 e6 5. Bg5 Nbd7 6. e3 Qa5 7. cxd5 Nxd5 8. Qd2 Bb4 9. Rc1 h6 10. Bh4 b6 11. a3 Bxc3 12. bxc3 c5 13. c4 Qxd2+ 14. Nxd2 Ne7 15. Bd3 Bb7 16. f3 Rd8 17. Bf2 0-0 18. 0-0 Ne5 19. Bb1 Rd7 20. Nb3 cxd4 21. exd4 N5g6 22. Rfe1 Rc8 23. h4 h5 24. d5 exd5 25. c5 bxc5 26. Rxc5 Nf8 27. Ra5 Nc6 28. Ra4 Ne6 29. Bf5 Re7 30. Bg3 Rd8 31. Rc1 g6 32. Bd3 a6 33. Kh2 Red7 34. Bxa6 Bxa6 35. Rxa6 Ne7 36. Be5 d4 37. Nd2 Kf8 38. a4 Nd5 39. Ra1 Nef4 40. Rc6 Re8 41. Re1 Red8 42. Ra1 Re8 43. Rd6 Rc7 44. Rxd5 Nxd5 45. Bxc7 Nxc7 46. Ne4 d3 47. a5 Rd8 48. Nd2 Ke7 49. Kg3 Kd6 50. Kf2 Na6 51. Ke3 Kc5 52. Ra4 Kb5 53. Rd4 Rxd4 54. Kxd4 Kxa5 55. Kxd3 Kb5 56. Ke4 Kc6 57. Ke5 Kd7 58. Kf6 Ke8 59. Nc4 Nc7 60. Nd6+ Kf8 61. Nxf7 Nd5+ 62. Kxg6 Ne7+ 63. Kf6 Nd5+ 64. Ke5 Ne3 65. Nd6 Nxg2 1/2-1/2

[Event "WC-2019-S-00003"]
[Site "LSS email"]
[Date "2019.08.28"]
[Round "?"]
[White "Stolz, Stephan"]
[Black "Schmidt, Johannes"]
[Result "1/2-1/2"]
[WhiteElo "2324"]
[BlackElo "2262"]
[PlyCount "79"]
[EventDate "2019.09.01"]
[EventType "tourn (corr)"]
[EventRounds "12"]
[EventCountry "GER"]
[SourceTitle "Corr 2024"]
[Source "ChessBase"]
[SourceDate "2023.10.19"]
[SourceVersion "1"]
[SourceVersionDate "2023.10.19"]
[SourceQuality "1"]

1. d4 d5 2. c4 e6 3. Nc3 Nf6 4. Nf3 c6 5. e3 Nbd7 6. Qc2 Bd6 7. Bd3 0-0 8. 0-0 dxc4 9. Bxc4 a6 10. Rd1 b5 11. Bd3 Bb7 12. Ng5 h6 13. Nge4 Bb8 14. b4 a5 15. bxa5 Qxa5 16. Bd2 Rc8 17. Nxf6+ Nxf6 18. Ne4 Qc7 19. Nxf6+ gxf6 20. g3 c5 21. Bxb5 Qd6 22. Qc4 Bf3 23. Be1 Bxd1 24. Rxd1 Qd5 25. Qxd5 exd5 26. dxc5 Rxa2 27. Rxd5 Ra1 28. Kf1 Rc1 29. c6 Bc7 30. Ke2 Ra8 31. Bb4 Ra2+ 32. Rd2 Rxd2+ 33. Kxd2 Rh1 34. h4 Rb1 35. Kc3 Be5+ 36. Kc4 Rc1+ 37. Kb3 Rb1+ 38. Ka3 Ra1+ 39. Kb3 Rb1+ 40. Kc4 1/2-1/2

[Event "CP-2019-S-00001"]
[Site "LSS email"]
[Date "2019.02.09"]
[Round "?"]
[White "Stolz, Stephan"]
[Black "Dard, Michel"]
[Result "1/2-1/2"]
[WhiteElo "2338"]
[BlackElo "2302"]
[PlyCount "23"]
[EventDate "2019.02.15"]
[EventType "tourn (corr)"]
[EventRounds "7"]
[EventCountry "GER"]
[SourceTitle "Corr 2022"]
[Source "ChessBase"]
[SourceDate "2021.10.24"]
[SourceVersion "1"]
[SourceVersionDate "2021.10.24"]
[SourceQuality "1"]

1. d4 d5 2. Bf4 Nf6 3. e3 e6 4. Nd2 Bd6 5. Bg3 0-0 6. Ngf3 c5 7. c3 Qc7 8. Bd3 Nbd7 9. 0-0 Bxg3 10. hxg3 b6 11. Qe2 Bb7 12. e4 1/2-1/2

[Event "WC-2018-T-00002"]
[Site "LSS email"]
[Date "2018.06.12"]
[Round "?"]
[White "Stolz, Stephan"]
[Black "Frendzas, Panayotis"]
[Result "1/2-1/2"]
[WhiteElo "2349"]
[BlackElo "2556"]
[PlyCount "38"]
[EventDate "2018.06.19"]
[EventType "tourn (corr)"]
[EventRounds "10"]
[EventCountry "GER"]
[SourceTitle "Corr 2022"]
[Source "ChessBase"]
[SourceDate "2021.10.24"]
[SourceVersion "1"]
[SourceVersionDate "2021.10.24"]
[SourceQuality "1"]

1. c4 e5 2. Nc3 Bb4 3. Nd5 Bc5 4. Nf3 c6 5. Nc3 d6 6. e3 Qe7 7. d4 exd4 8. Nxd4 Nf6 9. Be2 0-0 10. 0-0 d5 11. cxd5 cxd5 12. b3 Nc6 13. Nxc6 bxc6 14. Bb2 Bd6 15. Rc1 Bd7 16. Qd4 Rab8 17. Bf3 Rb4 18. Qxa7 Bb8 19. Qa3 Rh4 1/2-1/2

[Event "WC-2018-T-00002"]
[Site "LSS email"]
[Date "2018.06.12"]
[Round "?"]
[White "Stolz, Stephan"]
[Black "Langer, Raimund"]
[Result "1/2-1/2"]
[WhiteElo "2349"]
[BlackElo "2499"]
[PlyCount "92"]
[EventDate "2018.06.19"]
[EventType "tourn (corr)"]
[EventRounds "10"]
[EventCountry "GER"]
[SourceTitle "Corr 2022"]
[Source "ChessBase"]
[SourceDate "2021.10.24"]
[SourceVersion "1"]
[SourceVersionDate "2021.10.24"]
[SourceQuality "1"]

1. d4 Nf6 2. c4 e6 3. Nf3 d5 4. Nc3 Bb4 5. cxd5 exd5 6. Bg5 h6 7. Bh4 c5 8. dxc5 Nbd7 9. e3 Qa5 10. Nd2 Bxc3 11. bxc3 0-0 12. Qc2 Qxc5 13. Be2 Re8 14. 0-0 Ne4 15. Rfc1 Nb6 16. Nxe4 Rxe4 17. Bg3 Bd7 18. Bd3 Ree8 19. Qb3 Qc6 20. Rab1 Qf6 21. h3 Bc6 22. Ra1 Rac8 23. a4 Nc4 24. Rd1 Na5 25. Qb4 b6 26. Ba6 Bb7 27. Bxb7 Nxb7 28. Rxd5 Nc5 29. Kh2 Ne4 30. Qd4 Qg6 31. a5 Nxg3 32. fxg3 Re4 33. Qd3 Qe6 34. axb6 axb6 35. Re1 Re8 36. Rd6 Qc4 37. Qd2 Qc5 38. Rd3 Qg5 39. Qf2 Qe7 40. Re2 Qe6 41. Qf1 Re7 42. Qd1 g6 43. Rd6 Qe5 44. Rxb6 Qxc3 45. Rb8+ Kh7 46. Rb3 Qe5 1/2-1/2

[Event "WC-2018-T-00002"]
[Site "LSS email"]
[Date "2018.06.12"]
[Round "?"]
[White "Stolz, Stephan"]
[Black "Perez, Brigiliano"]
[Result "1/2-1/2"]
[WhiteElo "2349"]
[BlackElo "2537"]
[PlyCount "75"]
[EventDate "2018.06.19"]
[EventType "tourn (corr)"]
[EventRounds "10"]
[EventCountry "GER"]
[SourceTitle "Corr 2022"]
[Source "ChessBase"]
[SourceDate "2021.10.24"]
[SourceVersion "1"]
[SourceVersionDate "2021.10.24"]
[SourceQuality "1"]

1. d4 Nf6 2. c4 e6 3. Nf3 d5 4. Nc3 Bb4 5. cxd5 exd5 6. Bf4 Ne4 7. Rc1 Nc6 8. Nd2 g5 9. Be3 Nxc3 10. bxc3 Be7 11. h4 gxh4 12. Bf4 Bf5 13. e3 Qd7 14. c4 Rg8 15. Qa4 Rg6 16. cxd5 Qxd5 17. Be2 a6 18. Qb3 Nb4 19. Rxc7 Kf8 20. e4 Bxe4 21. Nxe4 Qxe4 22. Be3 Rd8 23. Bf3 Qf5 24. 0-0 Nd5 25. Rxb7 h3 26. g3 h5 27. Rb8 Nxe3 28. Rxd8+ Bxd8 29. Qxe3 Re6 30. Qc3 Kg7 31. Ba8 Re2 32. a4 h4 33. gxh4 Bxh4 34. Qf3 Bxf2+ 35. Kh2 Qxf3 36. Bxf3 Rb2 37. d5 Bc5+ 38. Kxh3 1/2-1/2